000 01232nac a22003257a 4500
001 BR8000491
003 BR-BrBNA
005 20240105114619.0
008 230509b bl.|||m| |||| 00| 0 por d
040 _aBR-BrBNA
_bpor
_cBiblioteca Nacional de Agricultura
072 _aH60
090 _a2480 BR8000491
100 1 _aCastro, F. de A.
100 1 _aCampos, I.S.
110 1 _aUnidade de Execucao de Pesquisa de Ambito Estadual de Rio Branco, AC (Brasil)
_910376
245 1 _aControle de plantas daninhas na cultura da seringueira, Hevea spp na microrregiao Alto Purus-Acre, 2. Em condicoes de viveiro [Herbicida; Brasil]
246 1 _a[Weed control in rubbler plant, Hevea spp in the microregion of the Alto Purus-Acre, 2. In nursery conditions [Herbicide; Brazil]]
260 3 _aRio Branco, AC (Brasil):
_cJan 1980.
300 _a10 p.
490 _aComunicado Tecnico - Unidade de Execucao de Pesquisa de Ambito Estadual de Rio Branco (Brazil)
_vno. 12
_x
500 _a10 ref.
650 _aErva daninha
650 _aSeringueira
650 _aControle quimico
650 _aHerbicida
650 _aViveiro
650 _aAcre
909 _a202312
_bLúcia Elande
_c55
_dLúcia Elande
942 _2AGRIS
_n0
_cMS
999 _c270357
_d270357